[Event "Moscow-Open 2021_A"]
[Site "Moscow"]
[Date "2021.02.25"]
[Round "6.15"]
[White "Murtazin, Bulat"]
[Black "Babakekhyan, Artem"]
[Result "1/2-1/2"]
[WhiteElo "2355"]
[BlackElo "2181"]
[PlyCount "103"]
[EventDate "2021.02.20"]

1. b3 d5 2. Bb2 Bg4 3. h3 Bh5 4. g4 Bg6 5. Bg2 c6 6. f4 e6 7. Nf3 Nd7 8. d3 h5
9. g5 h4 10. Nbd2 Qb6 11. e4 Qe3+ 12. Qe2 Qxf4 13. O-O-O Be7 14. Kb1 Bxg5 15.
Nxg5 Qxg5 16. Rhg1 Ngf6 17. Bf3 Qh6 18. Bc1 Qh7 19. Qe3 O-O 20. Rg5 Qh6 21. Qg1
Rfc8 22. Nf1 Qh7 23. Bb2 Nf8 24. Ne3 Rd8 25. Rf1 dxe4 26. dxe4 Qh6 27. Nc4 e5
28. Nxe5 Re8 29. Nxg6 fxg6 30. Bc1 Qh7 31. e5 Nh5 32. Bxh5 gxh5 33. Qf2 g6 34.
e6 Nxe6 35. Rxg6+ Qxg6 36. Rg1 Qxg1 37. Qxg1+ Ng7 38. Bb2 Re7 39. Bf6 Rf7 40.
Bxh4 a5 41. a3 a4 42. b4 Re8 43. Kb2 Re4 44. Be1 Rc4 45. Bc3 b5 46. Qg5 h4 47.
Bf6 Rxf6 48. Qxf6 Kh7 49. Kc1 Kg8 50. Kd2 Kh7 51. Kd3 Kg8 52. Qg6 1/2-1/2

[Event "Moscow-Open 2021_A"]
[Site "Moscow"]
[Date "2021.02.25"]
[Round "6.16"]
[White "Khudyakov, Stanislav"]
[Black "Gubajdullin, Alexei"]
[Result "0-1"]
[WhiteElo "2196"]
[BlackElo "2347"]
[PlyCount "110"]
[EventDate "2021.02.20"]

1. d4 Nf6 2. Nc3 d5 3. Bf4 Bf5 4. e3 e6 5. Bd3 Bxd3 6. Qxd3 Nc6 7. Nf3 Bd6 8.
Bg5 h6 9. Bxf6 Qxf6 10. e4 Qg6 11. O-O O-O-O 12. Rfd1 Bb4 13. exd5 Qxd3 14.
Rxd3 exd5 15. Nd1 Rhe8 16. Ne3 g6 17. h4 Re4 18. c3 Be7 19. g3 a5 20. Nd2 Re6
21. Nef1 Bd6 22. Re3 a4 23. b3 Kd7 24. h5 Ra8 25. Rae1 axb3 26. axb3 gxh5 27.
Nf3 Rxe3 28. Nxe3 Ne7 29. c4 c6 30. c5 Bc7 31. b4 Ra3 32. Nh4 Rb3 33. Nhf5 Nxf5
34. Nxf5 Bd8 35. Nxh6 Bf6 36. Nxf7 Bxd4 37. Kg2 Rxb4 38. Ne5+ Bxe5 39. Rxe5 h4
40. f4 hxg3 41. f5 b6 42. cxb6 Rxb6 43. Kxg3 Rb1 44. Kf2 Rb8 45. Re3 Rf8 46.
Rf3 Kd6 47. Kg3 Ke5 48. Re3+ Kd4 49. Rf3 c5 50. Kf4 c4 51. Rf1 c3 52. Rd1+ Kc4
53. f6 c2 54. Ra1 Rxf6+ 55. Ke3 Kc3 0-1

[Event "Moscow-Open 2021_A"]
[Site "Moscow"]
[Date "2021.02.25"]
[Round "6.17"]
[White "Kavyev, Ruslan"]
[Black "Bazyrtsyrenov, Kirill"]
[Result "1/2-1/2"]
[WhiteElo "2339"]
[BlackElo "2156"]
[PlyCount "137"]
[EventDate "2021.02.20"]

1. e4 Nf6 2. e5 Nd5 3. d4 d6 4. c4 Nb6 5. f4 dxe5 6. fxe5 Nc6 7. Be3 Bf5 8. Nc3
e6 9. Nf3 Be7 10. d5 exd5 11. cxd5 Nb4 12. Nd4 Bd7 13. e6 fxe6 14. dxe6 Bc6 15.
Qg4 Bh4+ 16. g3 Bxh1 17. a3 N4d5 18. Bb5+ c6 19. Nxc6 bxc6 20. Qxg7 Qd6 21.
Qxh8+ Ke7 22. Qxh7+ Kxe6 23. O-O-O cxb5 24. Re1 Qe5 25. Bd2 Qxe1+ 26. Bxe1 Bg5+
27. Kb1 Bf6 28. Ne4 Rh8 29. Ng5+ Ke5 30. Qc2 Rc8 31. Qe2+ Kf5 32. Qf1+ Kxg5 33.
Bd2+ Kg6 34. Qxh1 Rd8 35. Qe4+ Kg7 36. Qg4+ Kf7 37. Bg5 a6 38. h4 Nc4 39. Qh5+
Ke6 40. g4 Nde3 41. Bxf6 Rd1+ 42. Ka2 Kxf6 43. Qh6+ Kf7 44. Qxa6 Rd2 45. Qb7+
Ke6 46. Qc6+ Ke7 47. Qb7+ Ke6 48. Qc8+ Ke7 49. Qc5+ Ke6 50. Qc6+ Ke7 51. Qxb5
Rxb2+ 52. Qxb2 Nxb2 53. Kxb2 Nxg4 54. Kc3 Kd6 55. Kd4 Nf6 56. a4 Kc6 57. Ke5
Nh5 58. Kf5 Kb6 59. Kg4 Ng7 60. Kg5 Ka5 61. Kg6 Ne6 62. Kf6 Nf4 63. Kf5 Nh5 64.
Kg6 Ng3 65. Kg5 Kxa4 66. Kg4 Ne4 67. h5 Nf6+ 68. Kh4 Nxh5 69. Kxh5 1/2-1/2

[Event "Moscow-Open 2021_A"]
[Site "Moscow"]
[Date "2021.02.25"]
[Round "6.18"]
[White "Smirnov, Timofey"]
[Black "Teiitbaev, Aktilek"]
[Result "1-0"]
[WhiteElo "2414"]
[BlackElo "2100"]
[PlyCount "137"]
[EventDate "2021.02.20"]

1. e4 c5 2. Nf3 Nc6 3. d4 cxd4 4. Nxd4 g6 5. c4 Nf6 6. Nc3 Nxd4 7. Qxd4 d6 8.
Be3 Bg7 9. Rb1 O-O 10. Qd2 Bd7 11. Be2 a6 12. f3 b5 13. cxb5 axb5 14. Nxb5 Rxa2
15. Nc3 Ra8 16. O-O Qc7 17. Rfc1 Qb7 18. b4 Rfc8 19. b5 Be6 20. b6 Nd7 21. Nd5
Rxc1+ 22. Rxc1 Nc5 23. Rb1 Be5 24. Bc4 Ra4 25. Qc2 Ra3 26. f4 Rxe3 27. Nxe3 Bd4
28. Re1 Bxc4 29. Qxc4 Qxe4 30. Kh1 Nd3 31. Qc8+ Kg7 32. Nf5+ Qxf5 33. Qxf5 gxf5
34. b7 Ba7 35. Ra1 Bb8 36. Ra8 Nc5 37. Rxb8 Kf6 38. Kg1 d5 39. Kf2 d4 40. h3 h5
41. Kg3 Ne4+ 42. Kh4 Nd6 43. Rd8 Nxb7 44. Rxd4 Kg6 45. Rd7 Nc5 46. Rxe7 Ne6 47.
Kg3 Kf6 48. Re8 Kg7 49. Ra8 Kh7 50. Ra5 Kg6 51. Rd5 Kf6 52. h4 Kg6 53. Kf3 Nc7
54. Ra5 f6 55. Ke3 Ne8 56. Kd4 Nd6 57. Kd5 Ne4 58. Ke6 Ng3 59. Ra8 Ne2 60. Rg8+
Kh7 61. Kf7 Nxf4 62. Rg7+ Kh6 63. Kxf6 Nd5+ 64. Kf7 Ne3 65. Rg6+ Kh7 66. Rg5
Kh6 67. Kf6 f4 68. Ke5 Ng4+ 69. Rxg4 1-0

[Event "Moscow-Open 2021_A"]
[Site "Moscow"]
[Date "2021.02.25"]
[Round "6.19"]
[White "Manelyuk, Daniil"]
[Black "Popov, Maksim"]
[Result "1-0"]
[WhiteElo "2386"]
[BlackElo "2062"]
[PlyCount "57"]
[EventDate "2021.02.20"]

1. e4 Nc6 2. Nf3 d6 3. d4 Nf6 4. Nc3 g6 5. Be3 Ng4 6. d5 Nxe3 7. fxe3 Ne5 8.
Nxe5 dxe5 9. Bb5+ Bd7 10. Qd3 a6 11. Bxd7+ Qxd7 12. O-O-O Bg7 13. Rhg1 b5 14.
Ne2 c5 15. c4 Rb8 16. g4 h5 17. h3 hxg4 18. hxg4 Rh4 19. g5 bxc4 20. Qxc4 Rb4
21. Qxa6 Ra4 22. Qb6 Rhxe4 23. Nc3 Rac4 24. d6 Rb4 25. Qa6 Ra4 26. Nxa4 Rxa4
27. Qb6 Rc4+ 28. Kb1 Rb4 29. Qxc5 1-0

[Event "Moscow-Open 2021_A"]
[Site "Moscow"]
[Date "2021.02.25"]
[Round "6.20"]
[White "Tarasenko, Iaroslav"]
[Black "Vlassov, Nikolai"]
[Result "1/2-1/2"]
[WhiteElo "2060"]
[BlackElo "2331"]
[PlyCount "70"]
[EventDate "2021.02.20"]

1. e4 c5 2. Nf3 Nc6 3. Bb5 g6 4. Bxc6 dxc6 5. h3 Bg7 6. d3 Nf6 7. Nc3 Nd7 8.
Be3 e5 9. Qd2 h6 10. O-O Qe7 11. Ne2 f5 12. exf5 gxf5 13. g3 Nf8 14. c3 Be6 15.
b4 cxb4 16. cxb4 Nd7 17. Nh4 Qf7 18. f4 exf4 19. Nxf4 Bxa1 20. Rxa1 O-O-O 21.
Bxa7 Rhg8 22. Kh2 Bd5 23. b5 Ne5 24. Bb6 Rde8 25. Qa5 Kd7 26. bxc6+ Bxc6 27.
Rc1 Qf6 28. d4 Nd3 29. Rxc6 Qxc6 30. Qxf5+ Kd6 31. Qf6+ Kd7 32. Qf5+ Kd6 33.
Qf6+ Kd7 34. Qf5+ Kd6 35. Qf6+ Kd7 1/2-1/2

[Event "Moscow-Open 2021_A"]
[Site "Moscow"]
[Date "2021.02.25"]
[Round "6.21"]
[White "Ibadov, Dashgyn"]
[Black "Dudarev, Vladislav"]
[Result "1-0"]
[WhiteElo "2282"]
[BlackElo "2031"]
[PlyCount "79"]
[EventDate "2021.02.20"]

1. e4 c5 2. Nf3 d6 3. d4 cxd4 4. Nxd4 Nf6 5. Nc3 Nc6 6. Bg5 e6 7. Bb5 Bd7 8.
Qd3 a6 9. Bxc6 bxc6 10. O-O-O Be7 11. Nb3 Qc7 12. Bxf6 gxf6 13. f4 c5 14. Nd2
Bc6 15. f5 O-O-O 16. Qxa6+ Qb7 17. Qe2 Kc7 18. Nc4 Ra8 19. Rd3 Qb4 20. b3 h5
21. Rhd1 Rad8 22. Kb2 Rd7 23. a3 Qb7 24. Na5 Qa8 25. Nxc6 Qxc6 26. a4 Kb7 27.
Qf3 Rhd8 28. Qxh5 c4 29. Rd4 cxb3 30. cxb3 d5 31. fxe6 fxe6 32. exd5 Qc5 33.
Qf3 Qa3+ 34. Kc2 Kb8 35. d6 Bxd6 36. Qc6 Rb7 37. b4 e5 38. Rxd6 Rc8 39. Rd8
Rbc7 40. Qb6+ 1-0

[Event "Moscow-Open 2021_A"]
[Site "Moscow"]
[Date "2021.02.25"]
[Round "6.22"]
[White "Zhukov, Ivan"]
[Black "Naumkin, Igor"]
[Result "0-1"]
[WhiteElo "2050"]
[BlackElo "2277"]
[PlyCount "132"]
[EventDate "2021.02.20"]

1. e4 e5 2. Nf3 Nc6 3. Bc4 Bc5 4. c3 Nf6 5. d3 d6 6. Bb3 h6 7. O-O O-O 8. h3
Bb6 9. Nbd2 Ne7 10. Nc4 Ng6 11. a4 c6 12. Nxb6 axb6 13. Be3 c5 14. Re1 Re8 15.
Nh2 Be6 16. Bxe6 Rxe6 17. c4 Qd7 18. b3 Rf8 19. Nf1 Nh7 20. Ng3 Ne7 21. Qg4 Qe8
22. h4 Kh8 23. h5 Rg8 24. Qh3 g5 25. hxg6 Rgxg6 26. Nf5 Qf8 27. g3 Ng5 28. Bxg5
Rxg5 29. Nxe7 Rxe7 30. Kg2 f5 31. exf5 Rxf5 32. Ra2 Ref7 33. Ree2 h5 34. Qh4
Rg7 35. Re4 Kg8 36. Rd2 Rgf7 37. Ree2 Qh6 38. Qd8+ Kg7 39. Qh4 Qg6 40. Re3 Rf4
41. Qh3 Rg4 42. f3 Rgf4 43. Kf2 Rd4 44. Re4 Rxd3 45. Rxd3 Qxe4 46. Re3 Qc2+ 47.
Re2 Qg6 48. Kg2 Qd3 49. Rf2 e4 50. Qxh5 exf3+ 51. Kh2 Qe3 52. Qg4+ Kh8 53. Qc8+
Kh7 54. Qh3+ Kg6 55. Qg4+ Qg5 56. Qe6+ Kg7 57. Qxd6 Qe3 58. Kg1 Qe1+ 59. Rf1
f2+ 60. Kg2 Qe4+ 61. Kh2 Rf6 62. Qd7+ Kg6 63. Qc8 Rf7 64. g4 Qf4+ 65. Kg2 Qf3+
66. Kh2 Rh7# 0-1

[Event "Moscow-Open 2021_A"]
[Site "Moscow"]
[Date "2021.02.25"]
[Round "6.23"]
[White "Plyasunov, Daniil"]
[Black "Gvanceladze, Anna"]
[Result "1-0"]
[WhiteElo "2025"]
[BlackElo "2254"]
[PlyCount "81"]
[EventDate "2021.02.20"]

1. d4 d5 2. Nc3 Nf6 3. Bf4 e6 4. Nb5 Na6 5. e3 c6 6. Nc3 Bd6 7. Bxa6 bxa6 8.
Nge2 c5 9. O-O O-O 10. Na4 cxd4 11. exd4 Be7 12. Nc1 Qa5 13. Nc5 Ne4 14. N1b3
Qb6 15. Nd3 a5 16. a4 Ba6 17. f3 Nd6 18. Nbc5 Nf5 19. Nxa6 Qxa6 20. c3 Rfe8 21.
g4 Nd6 22. Bxd6 Bxd6 23. f4 f6 24. Qf3 Rad8 25. Rae1 Qc4 26. Kh1 Re7 27. Re3
Rde8 28. Rfe1 Kh8 29. g5 Qc7 30. Qg4 Qd7 31. Rh3 fxg5 32. fxg5 g6 33. Rf3 Rf7
34. Rf6 Kg8 35. Ref1 Rff8 36. h4 Qxa4 37. h5 Qc2 38. Rxf8+ Bxf8 39. Qf3 Qa4 40.
Qf7+ Kh8 41. h6 1-0

[Event "Moscow-Open 2021_A"]
[Site "Moscow"]
[Date "2021.02.25"]
[Round "6.24"]
[White "Mikhailovsky, Vladimir"]
[Black "Shinkarov, Artem"]
[Result "0-1"]
[WhiteElo "2228"]
[BlackElo "1978"]
[PlyCount "98"]
[EventDate "2021.02.20"]

1. Nf3 d5 2. b3 Bg4 3. Bb2 Nd7 4. e3 Ngf6 5. Be2 e6 6. c4 c6 7. Nc3 Bd6 8. h3
Bh5 9. d3 O-O 10. g4 Bg6 11. h4 h5 12. gxh5 Bxh5 13. Ng5 g6 14. Rg1 Bxe2 15.
Qxe2 Qe7 16. O-O-O Ba3 17. Rg2 Bxb2+ 18. Kxb2 Kg7 19. f4 Rh8 20. Qf2 dxc4 21.
dxc4 Rad8 22. Rdg1 Nc5 23. Qc2 Rh6 24. Kb1 a5 25. Nf3 Nd3 26. Ne2 Nb4 27. Qb2
Kf8 28. Ned4 c5 29. Nb5 b6 30. a3 Nd3 31. Qc2 e5 32. e4 Nxf4 33. Rg5 Nd7 34.
Nc3 f6 35. R5g4 Kf7 36. Qd2 Nf8 37. Nd5 Qd6 38. Rf1 N8e6 39. Qc3 Nxd5 40. exd5
Nf4 41. Re1 Re8 42. Qe3 Qd7 43. Reg1 Qf5+ 44. Kb2 a4 45. Nd2 axb3 46. Ne4 Rd8
47. a4 Rd7 48. a5 bxa5 49. Nxc5 Qc2+ 0-1

[Event "Moscow-Open 2021_A"]
[Site "Moscow"]
[Date "2021.02.25"]
[Round "6.25"]
[White "Nikologorsky, Matfei"]
[Black "Galkin, Leonid"]
[Result "1-0"]
[WhiteElo "2215"]
[BlackElo "1914"]
[PlyCount "69"]
[EventDate "2021.02.20"]

1. e4 c5 2. Nf3 e6 3. d4 cxd4 4. Nxd4 Nc6 5. Nc3 Qc7 6. Be2 Nf6 7. Be3 a6 8.
O-O Be7 9. f4 d6 10. Kh1 O-O 11. Qe1 Nxd4 12. Bxd4 b5 13. e5 Nd7 14. exd6 Bxd6
15. Bd3 g6 16. a4 b4 17. Ne4 Be7 18. c3 b3 19. Nd2 Nc5 20. Bc4 Rb8 21. Qe2 Rd8
22. a5 Bd6 23. Nf3 Bd7 24. Ne5 Bb5 25. Ng4 Nd7 26. Bd3 Bxd3 27. Qxd3 Rb5 28. c4
Rbb8 29. Qc3 Bf8 30. Rad1 Rdc8 31. Bb6 Qc6 32. Rxd7 Bg7 33. Qd3 h5 34. Ne5 Qa4
35. Nxf7 1-0

[Event "Moscow-Open 2021_A"]
[Site "Moscow"]
[Date "2021.02.25"]
[Round "6.26"]
[White "Popov, Andrey"]
[Black "Nikolaev, Matvei"]
[Result "1/2-1/2"]
[WhiteElo "2182"]
[BlackElo "1925"]
[PlyCount "73"]
[EventDate "2021.02.20"]

1. e4 c5 2. Nf3 e6 3. d4 cxd4 4. Nxd4 Nc6 5. Nc3 Qc7 6. Qd3 a6 7. Nxc6 bxc6 8.
Qg3 Qxg3 9. hxg3 d5 10. g4 Bd6 11. Bd3 Nf6 12. f3 Bb7 13. g5 Nd7 14. Bd2 Ne5
15. f4 Nxd3+ 16. cxd3 c5 17. Rc1 Rc8 18. e5 Be7 19. Ne2 Kd7 20. Kf2 Bc6 21. Rh3
d4 22. g4 Bd5 23. b3 g6 24. Rc2 Bd8 25. Ng3 Bb6 26. Ke2 a5 27. Ne4 Bxe4 28.
dxe4 Ra8 29. a4 Kc6 30. Kd3 Rab8 31. Rc4 Rb7 32. Kc2 Bc7 33. Be1 Bb6 34. Bd2
Bc7 35. Be1 Bb6 36. Bd2 Bc7 37. Be1 1/2-1/2

[Event "Moscow-Open 2021_A"]
[Site "Moscow"]
[Date "2021.02.25"]
[Round "6.27"]
[White "Petrovsky, Nikita"]
[Black "Medzinovskiy, Petr"]
[Result "0-1"]
[WhiteElo "2006"]
[BlackElo "2179"]
[PlyCount "78"]
[EventDate "2021.02.20"]

1. e4 e5 2. Nf3 Nc6 3. Bb5 a6 4. Ba4 d6 5. c3 f5 6. exf5 Bxf5 7. O-O Bd3 8. Re1
Be7 9. Re3 e4 10. Nd4 Qd7 11. Nxc6 bxc6 12. Bc2 Bxc2 13. Qxc2 Nf6 14. d3 exd3
15. Qxd3 O-O 16. Rh3 Qe6 17. Be3 Rab8 18. b3 Qe4 19. Qe2 Nd5 20. Nd2 Nxc3 21.
Qxa6 Qd5 22. Qf1 Bf6 23. Kh1 Ra8 24. a4 Rfb8 25. Re1 Rb4 26. Rc1 c5 27. Nc4
Rxb3 28. Bd2 Rxa4 29. Qe1 Kf7 30. Ne3 Qe5 31. Rxh7 c6 32. h3 Na2 33. Rd1 Kg8
34. Rh5 Qxh5 35. Ng4 Rxh3+ 36. gxh3 Qxh3+ 37. Nh2 Rh4 38. Qe8+ Kh7 39. Bf4 Qf3+
0-1

[Event "Moscow-Open 2021_A"]
[Site "Moscow"]
[Date "2021.02.25"]
[Round "6.28"]
[White "Israfilov, Ali"]
[Black "Chetverik, Maxim"]
[Result "0-1"]
[WhiteElo "1981"]
[BlackElo "2159"]
[PlyCount "50"]
[EventDate "2021.02.20"]

1. e4 Nf6 2. e5 Nd5 3. d4 d6 4. Bc4 Nb6 5. Bb3 d5 6. c3 Bf5 7. Bc2 Bxc2 8. Qxc2
e6 9. f4 c5 10. Nf3 Nc6 11. O-O g6 12. g4 h5 13. h3 hxg4 14. hxg4 Rc8 15. Qg2
cxd4 16. cxd4 Nxd4 17. Nxd4 Bc5 18. Be3 Nc4 19. Bf2 Qb6 20. Ne2 Nxb2 21. Nc1
Nd1 22. Nd3 Bxf2+ 23. Rxf2 Qd4 24. Nc3 Nxc3 25. Raf1 Ne2# 0-1

[Event "Moscow-Open 2021_A"]
[Site "Moscow"]
[Date "2021.02.25"]
[Round "6.29"]
[White "Talibov, Shiroghlan"]
[Black "Rakitin, Daniil"]
[Result "1-0"]
[WhiteElo "2128"]
[BlackElo "1851"]
[PlyCount "83"]
[EventDate "2021.02.20"]

1. c4 Nf6 2. Nc3 c5 3. Nf3 Nc6 4. g3 g6 5. Bg2 Bg7 6. O-O O-O 7. d4 cxd4 8.
Nxd4 Nxd4 9. Qxd4 d6 10. b3 d5 11. Bb2 Ne4 12. Qd3 Nxc3 13. Bxc3 Bf5 14. Qd2
dxc4 15. Qxd8 Raxd8 16. Bxg7 Kxg7 17. Bxb7 Be6 18. Bf3 Rd2 19. Rfc1 Rc8 20. b4
Kf6 21. Kf1 Ke5 22. a4 Rb2 23. b5 Bd5 24. Ra3 Rb3 25. Ra2 Bxf3 26. exf3 Kd4 27.
Re2 e6 28. Rd2+ Kc5 29. Rd7 Rxf3 30. Rxa7 Ra3 31. Ra6 c3 32. Ke2 Kc4 33. b6 Rb8
34. a5 Kb5 35. Ra7 Kb4 36. Rb1+ Rb3 37. Rxb3+ Kxb3 38. Rc7 c2 39. b7 c1=Q 40.
Rxc1 Ka4 41. a6 Ka5 42. a7 1-0

[Event "Moscow-Open 2021_A"]
[Site "Moscow"]
[Date "2021.02.25"]
[Round "6.30"]
[White "Lauda, Alexandr"]
[Black "Komissarov, Alexey"]
[Result "0-1"]
[WhiteElo "1923"]
[BlackElo "2127"]
[PlyCount "49"]
[EventDate "2021.02.20"]

1. e4 e5 2. Nf3 Nc6 3. Bc4 Nf6 4. d4 exd4 5. O-O Bc5 6. e5 d5 7. exf6 dxc4 8.
Re1+ Be6 9. Ng5 Qd5 10. Nc3 Qf5 11. Nce4 O-O-O 12. g4 Qe5 13. fxg7 Rhg8 14. Nf3
Qxg7 15. Nfg5 Bb4 16. c3 dxc3 17. Qc2 Bxg4 18. f4 Nd4 19. Qg2 Nf3+ 20. Nxf3
Bxf3 21. Qxg7 Rxg7+ 22. Ng3 cxb2 23. Bxb2 c3 24. Bc1 c2 25. Bb2 0-1

[Event "Moscow-Open 2021_A"]
[Site "Moscow"]
[Date "2021.02.25"]
[Round "6.31"]
[White "Parpiev, Isaak"]
[Black "Yakimenko, Alexander A"]
[Result "1-0"]
[WhiteElo "1790"]
[BlackElo "2122"]
[PlyCount "67"]
[EventDate "2021.02.20"]

1. e4 e6 2. d4 d5 3. e5 b6 4. c3 Qd7 5. Nf3 Ne7 6. Bd3 Ba6 7. Bxa6 Nxa6 8. O-O
c5 9. Qd3 b5 10. Bd2 Rb8 11. Na3 Nc6 12. Nc2 Be7 13. Bg5 c4 14. Qe3 b4 15. Bxe7
Qxe7 16. Nfe1 O-O 17. f4 g6 18. Qh3 Kg7 19. Ne3 Nc7 20. Nf3 bxc3 21. bxc3 f5
22. exf6+ Rxf6 23. Ng4 Rf5 24. Ng5 Kh8 25. Nh6 Rf6 26. Qh4 Rff8 27. Rae1 Qf6
28. Qh3 Nd8 29. Nxh7 Kxh7 30. Ng4+ Kg8 31. Nxf6+ Rxf6 32. f5 exf5 33. Re7 Rf7
34. Rxf7 1-0

[Event "Moscow-Open 2021_A"]
[Site "Moscow"]
[Date "2021.02.25"]
[Round "6.32"]
[White "Shakhov, Dmitriy"]
[Black "Mochalin, Faddey"]
[Result "0-1"]
[WhiteElo "1738"]
[BlackElo "2110"]
[PlyCount "64"]
[EventDate "2021.02.20"]

1. d4 d5 2. c4 e6 3. Nc3 c6 4. Nf3 dxc4 5. a4 Bb4 6. e4 b5 7. Bd2 a5 8. axb5
Bxc3 9. Bxc3 cxb5 10. b3 Nf6 11. Nd2 Bb7 12. bxc4 b4 13. Bb2 Nxe4 14. Nxe4 Bxe4
15. Qg4 Bg6 16. c5 O-O 17. Bb5 Nd7 18. O-O Nf6 19. Qg3 Qb8 20. Ba4 Qxg3 21.
hxg3 Nd5 22. Rfc1 Rfc8 23. c6 Nb6 24. Rc5 Be4 25. c7 Ra7 26. Bb3 a4 27. Rb5
Raxc7 28. Bd1 a3 29. Bxa3 bxa3 30. Rxb6 g6 31. Ra6 Rc1 32. R6xa3 Bb1 0-1

[Event "Moscow-Open 2021_A"]
[Site "Moscow"]
[Date "2021.02.25"]
[Round "6.33"]
[White "Shturman, Arseniy"]
[Black "Popovich, Alexey"]
[Result "0-1"]
[WhiteElo "1782"]
[BlackElo "2102"]
[PlyCount "104"]
[EventDate "2021.02.20"]

1. e4 c5 2. Nf3 d6 3. d4 cxd4 4. Nxd4 Nf6 5. f3 e5 6. Bb5+ Nbd7 7. Nf5 d5 8.
exd5 a6 9. Be2 Nb6 10. Ne3 Nbxd5 11. c4 Qa5+ 12. Bd2 Nxe3 13. Bxa5 Nxd1 14.
Bxd1 Bc5 15. Bc3 O-O 16. Nd2 Bf5 17. Ba4 Bd3 18. O-O-O b5 19. Bc2 bxc4 20. Bxd3
cxd3 21. Nc4 Rac8 22. Nxe5 Bd4 23. Kb1 Rxc3 24. bxc3 Rb8+ 25. Kc1 Bxe5 26. Rxd3
h5 27. g3 Rc8 28. Kc2 Rc5 29. Re1 g5 30. Rd8+ Kg7 31. Re3 h4 32. gxh4 gxh4 33.
h3 Nh5 34. Rd1 Kf6 35. Rd7 Nf4 36. Rd8 Nxh3 37. Re4 Rxc3+ 38. Kd2 Rxf3 39. Rxh4
Nf4 40. Kc2 Rc3+ 41. Kd1 a5 42. Ra8 Ra3 43. Rh2 Kf5 44. Rc2 Ke4 45. Rc5 Bc3 46.
Kc2 Bb4 47. Rc4+ Ke5 48. Re8+ Ne6 49. Kb2 Re3 50. a4 f5 51. Kc2 f4 52. Kd1 f3
0-1

[Event "Moscow-Open 2021_A"]
[Site "Moscow"]
[Date "2021.02.25"]
[Round "6.34"]
[White "Rogov, Ivan"]
[Black "Gotsiuk, Denis"]
[Result "0-1"]
[WhiteElo "1633"]
[BlackElo "2102"]
[PlyCount "86"]
[EventDate "2021.02.20"]

1. e4 c6 2. d4 d5 3. exd5 cxd5 4. Bd3 Nf6 5. c3 Bg4 6. Qb3 Qc8 7. Bf4 Nc6 8.
Nd2 e6 9. Ngf3 Be7 10. O-O Bh5 11. Ne5 Nxe5 12. Bxe5 O-O 13. a4 Bg6 14. Bxg6
hxg6 15. Rfe1 Qc6 16. Qb5 Rfc8 17. Qd3 b6 18. Qh3 a6 19. Bg3 b5 20. axb5 axb5
21. Rab1 b4 22. Nf3 Ne4 23. Ne5 Qe8 24. c4 Ng5 25. Qg4 dxc4 26. Qe2 c3 27. bxc3
bxc3 28. h4 Nh7 29. Nxg6 Ba3 30. Ne5 c2 31. Rbc1 Bxc1 32. Rxc1 Qa4 33. Qd2 Nf6
34. Qg5 Qxd4 35. h5 Qd1+ 36. Kh2 Qxh5+ 37. Qxh5 Nxh5 38. Nf3 Nxg3 39. Kxg3 Ra3
40. Kf4 Rb3 41. Ne1 Rb1 42. Rxc2 Rxc2 43. Nxc2 Rb2 0-1

[Event "Moscow-Open 2021_A"]
[Site "Moscow"]
[Date "2021.02.25"]
[Round "6.35"]
[White "Bachaliashvili, Eduard"]
[Black "Zakaryan, David"]
[Result "0-1"]
[WhiteElo "1949"]
[BlackElo "2335"]
[PlyCount "112"]
[EventDate "2021.02.20"]

1. e4 c5 2. Nf3 Nc6 3. Bb5 g6 4. O-O Bg7 5. Re1 Nf6 6. e5 Nd5 7. Nc3 Nc7 8.
Bxc6 dxc6 9. Ne4 b6 10. Nf6+ Kf8 11. Ne4 Bg4 12. Nc3 Ne6 13. h3 Bxf3 14. Qxf3
Nd4 15. Qe4 Qd7 16. Ne2 Ne6 17. d3 Qd5 18. Nf4 Nxf4 19. Qxf4 Qe6 20. b3 h5 21.
h4 Rd8 22. Bb2 Bh6 23. Qf3 Rd5 24. Re4 Kg7 25. Rae1 Kh7 26. a4 Rg8 27. Bc1 Qf5
28. Qe2 Bxc1 29. Rxc1 Rd4 30. Re1 Rgd8 31. g3 a6 32. Kg2 b5 33. f3 c4 34. Rxd4
Rxd4 35. Qe3 c5 36. bxc4 bxc4 37. Rd1 Qd7 38. a5 Qa4 39. e6 f6 40. Qe2 Qxa5 41.
dxc4 Qc3 42. Rxd4 Qxd4 43. Qd3 Qxd3 44. cxd3 Kg7 45. Kf2 f5 46. Ke3 Kf6 47. d4
f4+ 48. gxf4 Kxe6 49. Ke4 cxd4 50. Kxd4 Kd6 51. c5+ Kc6 52. Ke5 a5 53. Ke6 a4
54. Kxe7 a3 55. Kf6 a2 56. Kxg6 a1=Q 0-1

[Event "Moscow-Open 2021_A"]
[Site "Moscow"]
[Date "2021.02.25"]
[Round "6.36"]
[White "Kalambetov, Anton"]
[Black "Nakonechny, Ignat"]
[Result "1/2-1/2"]
[WhiteElo "1916"]
[BlackElo "2158"]
[PlyCount "124"]
[EventDate "2021.02.20"]

1. d4 e6 2. c4 Nf6 3. Nc3 d5 4. cxd5 exd5 5. Bg5 Be7 6. e3 c6 7. Bd3 O-O 8. Qc2
h6 9. Bh4 c5 10. dxc5 d4 11. exd4 Qxd4 12. Nf3 Qxc5 13. O-O Bg4 14. Bxf6 Bxf6
15. Ne4 Qe7 16. Nxf6+ Qxf6 17. Be4 Nc6 18. Qa4 Bd7 19. Qb3 Rab8 20. h3 Rfe8 21.
Rfe1 Be6 22. Qb5 Qf4 23. g3 Qf6 24. Kg2 Bd7 25. Rad1 Re7 26. Qb3 Bxh3+ 27. Kxh3
Rxe4 28. Rxe4 Qf5+ 29. Rg4 h5 30. Qa4 Re8 31. Qf4 hxg4+ 32. Qxg4 Qc5 33. Kg2 f5
34. Qh5 Re2 35. Rf1 Qd5 36. Kg1 Qf7 37. Qh4 Re4 38. Qh1 Qf6 39. Nd2 Rd4 40. Nf3
Rd3 41. Re1 Qg6 42. Nh4 Qh5 43. Qg2 Kf7 44. Qf1 Rd7 45. Qc4+ Kf8 46. Qe6 Qf7
47. Nxf5 Qxe6 48. Rxe6 Rd2 49. Nd6 Ne7 50. b3 b6 51. a4 Rd3 52. Nb5 a6 53. Nc7
Rxb3 54. Nxa6 Ke8 55. Rd6 Kf7 56. Nc7 Rb4 57. Nb5 Rxa4 58. Rxb6 Nf5 59. Nd6+
Nxd6 60. Rxd6 Ke7 61. Rg6 Kf7 62. Rb6 Ra7 1/2-1/2

[Event "Moscow-Open 2021_A"]
[Site "Moscow"]
[Date "2021.02.25"]
[Round "6.37"]
[White "Volodin, Viktor"]
[Black "Akhmedov, David"]
[Result "1-0"]
[WhiteElo "2151"]
[BlackElo "1866"]
[PlyCount "113"]
[EventDate "2021.02.20"]

1. Nf3 g6 2. c4 Bg7 3. d4 d6 4. g3 Nf6 5. Bg2 O-O 6. O-O Nbd7 7. Nc3 e5 8. h3
Re8 9. e4 exd4 10. Nxd4 Nc5 11. Re1 a5 12. Rb1 Nfd7 13. f4 c6 14. Be3 Nf8 15.
Qc2 Qc7 16. Rbd1 Bd7 17. Kh2 Rad8 18. Bf2 h5 19. Nde2 b6 20. a3 f5 21. b4 axb4
22. axb4 Nxe4 23. Nxe4 fxe4 24. Bxe4 Re6 25. Bg2 Rde8 26. Nc3 Rxe1 27. Rxe1
Rxe1 28. Bxe1 Bf5 29. Qe2 Qd7 30. b5 cxb5 31. Nxb5 Ne6 32. Qd1 Bf8 33. g4 hxg4
34. hxg4 Nxf4 35. gxf5 Qxf5 36. Bd5+ Kh7 37. Qf3 Qe5 38. Bc3 Qg5 39. Bd2 Bh6
40. Bxf4 Qxf4+ 41. Qxf4 Bxf4+ 42. Kh3 Kg7 43. Kg4 Bh2 44. Nd4 Kf6 45. Nf3 Be5
46. Nh4 g5 47. Nf3 Bf4 48. Nd4 Ke5 49. Nc6+ Kf6 50. Be4 Be3 51. Bf5 Bf4 52. Bd7
Bd2 53. Kf3 Be1 54. Ke4 Bf2 55. Kd5 Bc5 56. Bg4 Ba3 57. Nd4 1-0

[Event "Moscow-Open 2021_A"]
[Site "Moscow"]
[Date "2021.02.25"]
[Round "6.38"]
[White "Tyurin, Artem"]
[Black "Korshunov, Sergey And"]
[Result "1-0"]
[WhiteElo "2130"]
[BlackElo "1847"]
[PlyCount "89"]
[EventDate "2021.02.20"]

1. c4 Nf6 2. Nc3 g6 3. e4 e5 4. g3 Bg7 5. Bg2 O-O 6. Nge2 d6 7. O-O Be6 8. b3
Nc6 9. Nd5 Nh5 10. Bb2 f5 11. exf5 Bxf5 12. d4 exd4 13. Nxd4 Nxd4 14. Bxd4 Bxd4
15. Qxd4 c6 16. Ne3 Qf6 17. Rad1 Qxd4 18. Rxd4 Ng7 19. Rxd6 Rad8 20. Rfd1 Rxd6
21. Rxd6 Bc8 22. b4 Re8 23. h4 Nf5 24. Nxf5 Re1+ 25. Kh2 Bxf5 26. Rd8+ Kf7 27.
Rb8 Re7 28. a4 Bd3 29. c5 Kf6 30. Rd8 Bc4 31. g4 h5 32. gxh5 gxh5 33. Ra8 a6
34. Rh8 Ke5 35. Rxh5+ Kd4 36. Rg5 Kc3 37. Rg4 Rf7 38. Kg3 Bb3 39. Rf4 Bd5 40.
Bf1 Rg7+ 41. Kh2 Kd2 42. Bh3 Kc3 43. h5 Rh7 44. Rh4 Rh6 45. Kg3 1-0

[Event "Moscow-Open 2021_A"]
[Site "Moscow"]
[Date "2021.02.25"]
[Round "6.39"]
[White "Indzhiev, Aldar"]
[Black "Novozhilov, Semen"]
[Result "1/2-1/2"]
[WhiteElo "2109"]
[BlackElo "1788"]
[PlyCount "101"]
[EventDate "2021.02.20"]

1. d4 Nf6 2. c4 c5 3. d5 e6 4. Nc3 exd5 5. cxd5 d6 6. e4 g6 7. h3 Bg7 8. Nf3
O-O 9. Bd3 b5 10. Nxb5 Re8 11. O-O Nxe4 12. Re1 a6 13. Nc3 Nxc3 14. Rxe8+ Qxe8
15. bxc3 Bxc3 16. Rb1 c4 17. Qc2 Bg7 18. Qxc4 Bd7 19. Qb4 Bb5 20. Bxb5 axb5 21.
Qxb5 Nd7 22. Bf4 Rxa2 23. Bxd6 h6 24. Bg3 Ra1 25. Rxa1 Bxa1 26. Qc4 Kh7 27. Bf4
Bg7 28. g3 Nb6 29. Qc6 Qe4 30. Qxb6 Qxf3 31. Qb7 g5 32. Be3 Be5 33. Qb1+ Kg8
34. Qd3 Bd6 35. Qd4 f6 36. Qc4 Qf5 37. Kh2 h5 38. Qc6 Qe5 39. Bc5 Bxc5 40. Qxc5
h4 41. Qc4 hxg3+ 42. fxg3 Qe3 43. Kg2 Kg7 44. Qc2 Qd4 45. Qf5 Qd2+ 46. Kf3 Qd1+
47. Ke3 Qe1+ 48. Kd4 Qb4+ 49. Ke3 Qe1+ 50. Kd4 Qb4+ 51. Ke3 1/2-1/2